| 000 | 00000nas 2200000zi 4500 |
| 001 | 9.939189 |
| 003 | CaOODSP |
| 005 | 20240628162640 |
| 006 | m o d f |
| 007 | cr cn |||||||| |
| 008 | 240610c20249999oncar p o f0 a0eng|d |
| 022 | |a2818-4394 |
| 040 | |aCaOODSP|beng|erda|cCaOODSP |
| 043 | |an-cn--- |
| 086 | 1 |aBT1-70E-PDF |
| 110 | 1 |aCanada. |bTreasury Board, |eauthor, |eissuing body. |
| 222 | 0|aReport on the Treasury Board of Canada Secretariat's compliance with the Supply Chains Act |
| 245 | 10|aReport on the Treasury Board of Canada Secretariat's compliance with the Supply Chains Act. |
| 264 | 1|a[Ottawa] : |bTreasury Board of Canada Secretariat, |c[2024]- |
| 310 | |aAnnual |
| 336 | |atext|btxt|2rdacontent |
| 337 | |acomputer|bc|2rdamedia |
| 338 | |aonline resource|bcr|2rdacarrier |
| 362 | 1 |aBegan with: 2023/2024. |
| 500 | |aIssued also in French under title: Rapport sur la conformité du Secrétariat du Conseil du Trésor du Canada à la Loi sur les chaînes d'approvisionnement. |
| 588 | |aDescription based on: 2023/2024. |
| 588 | |aLatest issue consulted: 2023/2024. |
| 610 | 10|aCanada. |bTreasury Board|vPeriodicals. |
| 610 | 10|aCanada. |tFighting Against Forced Labour and Child Labour in Supply Chains Act |vPeriodicals. |
| 650 | 0|aForced labor|zCanada|xPrevention|vPeriodicals. |
| 650 | 0|aChild labor|zCanada|xPrevention|vPeriodicals. |
| 655 | 7|aPeriodicals|2lcgft |
| 775 | 08|tRapport sur la conformité du Secrétariat du Conseil du trésor du Canada à la Loi sur les chaînes d'approvisionnement.|w(CaOODSP)9.939190 |